02920cam a22004938i 4500001001000000003000900010005001700019008004100036020003200077035002100109040004200130042000800172049000900180050002200189066000700211082002100218245013800239264007500377300003600452336002200488337002600510338002400536490006000560505124600620526001001866526001001876526001001886526001001896526000801906526000801914526000801922526000801930526000801938526000801946526000801954600006001962700004202022700002402064700003002088942001502118980011302133999001702246952016302263760532789PE-LiUPU20250905100510.0111104s2011 dcu b 011 0 eng c a0915170477 (alkaline paper) a(OCoLC)760532789 aICU/DLCerdabspacPE-LiUPUdPE-LiUPU apcc aEXNS00aBS2651b.C35 2011 c(S00a227.06bC39222300aCelebrating Paul :bfestschrift in honor of Jerome Murphy-O'Connor, O.P., and Joseph A. Fitzmyer, S.J. /ceditado por Peter Spitaler. aWashington, DC :bThe Catholic Biblical Association of America,c2011. axxviii, 439 páginas ;c23 cm. atext2rdacontent. aunmediated2rdamedia. avolume2rdacarrier.1 aThe Catholic Biblical quarterly monograph series ;v48. aThe significance of the Pauline writings -- Divisions are necessary (1 Corinthians 11:19) -- In search of the historical Paul -- "I rate all things as loss" : Paul's puzzling accounting system : Judaism as loss or the re-evaluation of all things in Christ? -- Paul and the Jewish tradition : the ideology of the Shema -- Paul, a change agent : model for the twenty-first century -- Paul's four discourses about sin -- Adam and Christ in the Pauline Epistles -- Living in newness of life : Paul's understanding of the moral life -- Ecocentric or anthropocentric? : a reading of Romans 8:18-25 -- "Set apart for the gospel" (Romans 1:1) : Paul's self-introduction in the letter to the Romans -- Adam, Christ, and the law in Romans 5-8 -- [Nomos, agapē], and [charismata] in Paul's writings -- Interpreting Romans 11:14 : what is at stake? -- Reinterpreting Romans 13 within its broader context -- "To the Jew first" (Romans 1:16) : Paul's defense of Jewish privilege in Romans -- Paul, ritual purity, and the ritual baths south of the Temple Mount (Acts 21:15-28) -- Where have all my siblings gone? : a reflection on the use of kinship language in the Pastoral Epistles -- Augustine's Pauline method : 1 Corinthians 11:2-16 as a case study. aSEG42 aSEG41 aSEG40 aSEG39 aP94 aP87 aP86 aP85 aP77 aP76 aP35 0aPablo,cApóstol,xCrítica e interpretación.951011 aMurphy-O'Connor, J.q(Jerome),d1935-1 aFitzmyer, Joseph A.1 aSpitaler, Peter.eeditor. 2ddccBKn0 618226aJaime Vilcazán Jefe de Análisis Documental818226gJaime Vilcazán Jefe de Análisis Documental c62885d62884 r2025-12-03 00:00:00l0o227.06 C392p82569te1v18.00w2025-03-10xFACTEOyBK102ddc50708GENfP35aBULbBULcGENd2024-12-23eDonación, Merling Alomía